000
00256nam a2200097Ia 4500
001
1075937
005
20250827002247.0
008
250824s9999 xx 000 0 und d
245
0
_a
İSLAM DÜŞÜNCE GELENEKLERİ
_c
ÖMER TÜRKER
260
_b
KETEBE YAYINLARI
999
_c
1075937
_d
1075937